[Event "Steinfurt Bezirksklasse 1516"]
[Site "Germany"]
[Date "2016.04.09"]
[Round "8.3"]
[White "Roos, Wilfried"]
[Black "Kretschmer, Steffen"]
[Result "1-0"]
[WhiteElo "1664"]
[BlackElo "1206"]
[PlyCount "69"]
[EventDate "2015.09.05"]
[EventType "team-tourn"]
[EventRounds "9"]
[EventCountry "GER"]
[SourceTitle "EXT 2017"]
[Source "ChessBase"]
[SourceDate "2016.10.25"]
[SourceVersion "1"]
[SourceVersionDate "2016.10.25"]
[SourceQuality "1"]
[WhiteTeam "Saerbeck II"]
[BlackTeam "Ibbenbueren III"]
[WhiteTeamCountry "GER"]
[BlackTeamCountry "GER"]

1. d4 e6 2. c4 d5 3. Nc3 Nf6 4. Bg5 Be7 5. e3 Ne4 6. Bxe7 Qxe7 7. Nxe4 dxe4 8. a3 0-0 9. Ne2 b6 10. Nc3 f5 11. Be2 Ba6 12. b4 c6 13. 0-0 Nd7 14. f3 exf3 15. Rxf3 Bb7 16. Rg3 Nf6 17. Bf3 a5 18. c5 axb4 19. axb4 Rxa1 20. Qxa1 Ra8 21. Qb2 b5 22. h4 Nd5 23. Bxd5 exd5 24. Rh3 f4 25. Qf2 Ra1+ 26. Kh2 Bc8 27. Rf3 fxe3 28. Rxe3 Qc7+ 29. g3 Qf7 30. Qe2 Kf8 31. Rf3 Bf5 32. Qe5 g5 33. g4 Qg7 34. Qxg7+ Kxg7 35. gxf5 1-0

[Event "Steinfurt Bezirksklasse 1516"]
[Site "Germany"]
[Date "2015.12.05"]
[Round "4.2"]
[White "Kretschmer, Steffen"]
[Black "Wessel, Heinz"]
[Result "0-1"]
[WhiteElo "1206"]
[BlackElo "1451"]
[PlyCount "90"]
[EventDate "2015.09.05"]
[EventType "team-tourn"]
[EventRounds "9"]
[EventCountry "GER"]
[SourceTitle "EXT 2017"]
[Source "ChessBase"]
[SourceDate "2016.10.25"]
[SourceVersion "1"]
[SourceVersionDate "2016.10.25"]
[SourceQuality "1"]
[WhiteTeam "Ibbenbueren III"]
[BlackTeam "Steinfurt IV"]
[WhiteTeamCountry "GER"]
[BlackTeamCountry "GER"]

1. e4 c5 2. Nf3 d6 3. Bc4 e6 4. Nc3 Nf6 5. d3 Be7 6. h3 0-0 7. 0-0 a6 8. Qe2 b5 9. Bb3 b4 10. Na4 Bd7 11. a3 a5 12. c3 Nc6 13. Bd2 Qc7 14. Bc2 Rfe8 15. b3 Bc8 16. c4 Bb7 17. Be3 Nd7 18. d4 Bf6 19. axb4 axb4 20. Rad1 cxd4 21. Nxd4 Nxd4 22. Bxd4 Bxd4 23. Rxd4 d5 24. cxd5 exd5 25. Rxb4 dxe4 26. Bxe4 Rab8 27. Re1 f5 28. f3 fxe4 29. fxe4 Qc6 30. Qc4+ Qxc4 31. Rxc4 Nf6 32. e5 Bd5 33. Rcc1 Ne4 34. Nc3 Nxc3 35. Rxc3 Rxb3 36. Rxb3 Bxb3 37. Re3 Bd5 38. g4 Kf7 39. Kf2 Ke6 40. Kg3 Rb8 41. Kf4 Rb4+ 42. Kg5 Re4 43. Rxe4 Bxe4 44. Kf4 Bg2 45. h4 Bh3 0-1